Propuesta de creación del departamento de recursos humanos en la empresa Easy Rent a Car S.A, en el año 2013
El estudio consiste en un diagnóstico de gestión del talento humano en Easy Rent a Car, presenta una propuesta de creación del departamento de Recursos Humanos y su manual de proceso bajo el modelo de gestión del talento humano.
| Main Authors: | , |
|---|---|
| Other Authors: | |
| Format: | Tesis Section = Libro |
| Language: | Undetermined Spanish |
| Published: |
Managua
UNI
2013
|
| Subjects: |
| LEADER | 01244nam a2200265Ia 4500 | ||
|---|---|---|---|
| 008 | 240830s9999 xx 000 0 und d | ||
| 040 | |a BIBLIOTECA-RUPAP T.Mon 658.3 C336 | ||
| 041 | |a spa | ||
| 082 | |a T.Mon 658.3 C336 | ||
| 100 | 1 | |a Casco Sánchez, Ericsson Martin | |
| 100 | 1 | |b González Martínez, Brhyana José | |
| 245 | 1 | 0 | |a Propuesta de creación del departamento de recursos humanos en la empresa Easy Rent a Car S.A, en el año 2013 |
| 260 | |a Managua |b UNI |c 2013 | ||
| 300 | |a 140 p. :il. | ||
| 500 | |a Contiene: anexos e Incluye: CD. | ||
| 502 | |a Tesis (Ingeniero de Sistemas)- UNI, 2013. | ||
| 520 | 3 | |a El estudio consiste en un diagnóstico de gestión del talento humano en Easy Rent a Car, presenta una propuesta de creación del departamento de Recursos Humanos y su manual de proceso bajo el modelo de gestión del talento humano. | |
| 650 | 7 | |a ADMINISTRACION DE RECURSOS - ESTRUCTURA ORGANIZACIONAL | |
| 650 | 7 | |b ADMINISTRACION DE PERSONAL - DEPARTAMENTO DE PERSONAL | |
| 650 | 7 | |c ORGANIZACION - DESARROLLO - PROCESO - SELECCION Y CONTRATACION - PERSONAL | |
| 650 | 7 | |d ORGANIZACION INTERNA - MANUAL DE FUNCIONES | |
| 700 | 1 | |a Tutor: |b Quintana Blandón, Omar | |
| 942 | |c BK |2 ddc | ||
| 991 | |a TESIS | ||
| 999 | |c 18504 | ||